Datum a čas kvízu

26 Celkem bodů Celkový počet nahraných bodů na tomto kvízu bez doplňovacích otázek.
3. Pořadí na kvízu Konečné umístění týmu na tomto kvízu.

Zaznamenané odpovědi

# Otázka Odpověď Body Výsledky
1. V posledních týdnech se do Čes... spalničky 0
2. Záchranáři v úterý ráno pomocí... Rakousko, Grossglockner 1
3. V přepočtu asi 40 milionů koru... The Beatles 1
4. Která automobilka získala s je... Mercedes 0
5. V pondělí došlo ve španělské f... strčil hráči prst do zadku 0
6. Vítězné téma facebookového hla... 1D 2B 3C 4A 0
7. Dne 18. dubna 1997 byli odsouz... Orličtí vrazi 1
8. Devadesátkovou klasikou je fil... Fuck Off Guys Good Day 0
9. Kolik tlačítek má na své předn... tři 0
10. Ke kterému městu se v souvislo... Vsetín 0